|
|
|
|
| LEADER |
01346nam a2200289 a 4500 |
| 001 |
GR-MES12699 |
| 008 |
070706s gr b 001 0 gre d |
| 020 |
|
|
|a 0471450383
|
| 040 |
|
|
|a GrPaTEI
|b gre
|c GR-PaULI
|
| 040 |
|
|
|a GrPaTEI
|b gre
|c GR-PaULI
|
| 082 |
|
0 |
|a 338.479 1
|2 21
|
| 100 |
1 |
|
|a Goeldner, Charles R.
|
| 245 |
1 |
0 |
|a Tourism :
|b principles, practices, philosophies /
|c Charles R. Goeldner / J. R. Brent Ritchie.
|
| 250 |
|
|
|a 10th ed.
|
| 260 |
|
|
|a Hoboken, N.J. :
|b Wiley,
|c c 2006
|
| 300 |
|
|
|a xvii
|a 590σ. :
|b εικ., χάρτες ;
|c 24εκ.
|
| 504 |
|
|
|a Περιλαμβάνει βιβλιογραφίες και ευρετήριο.
|
| 650 |
|
0 |
|a Tourism
|
| 650 |
|
0 |
|a Tourism
|x marketing
|
| 650 |
|
4 |
|a Τουρισμός
|
| 650 |
1 |
0 |
|a τουρισμός
|x μαρκετινγκ
|
| 700 |
1 |
|
|a Ritchie, J.R. Brent
|
| 942 |
|
|
|2 ddc
|
| 952 |
|
|
|0 0
|1 0
|2 ddc
|4 0
|6 338_479000000000000_1_GOE
|7 0
|9 271278
|a MSLG
|b MSLG
|c BSC
|d 2021-01-17
|e 24
|f 0
|g 0.00
|l 0
|o 338.479 1 GOE
|p 2420000022176
|r 2021-01-17 00:00:00
|t 1
|w 2021-01-17
|y BK15
|x 20070706 0 ΓΑΒΡΙΝΑ 1
|x GrPaTEI
|
| 952 |
|
|
|0 0
|1 0
|2 ddc
|4 0
|6 338_479000000000000_1_GOE
|7 0
|9 271279
|a MSLG
|b MSLG
|c BSC
|d 2021-01-17
|e 24
|f 0
|g 0.00
|l 0
|o 338.479 1 GOE
|p 2420000022177
|r 2021-01-17 00:00:00
|t 1
|w 2021-01-17
|y BK15
|x 20070706 0 ΓΑΒΡΙΝΑ 1
|x GrPaTEI
|
| 971 |
|
|
|a .b25787469
|b 15-04-20
|c 13-09-16
|
| 999 |
|
|
|c 156671
|d 156671
|